00421nam a2200145Ia 4500008004100000041000900041082001900050100001800069245002300087260003600110300000800146650000800154999001700162952009600179230718s9999 xx 000 0 und d aEng. a343.055bMAS-S aMaster Naveed 0aSales Tax Act,1990 aPakistanbPrime Publisherc2017 a524 aLaw c31793d31793 00104070aSIRC-LbSIRC-Ld2023-07-18l0o343.055 MAS-Sp26744r2023-07-18w2023-07-18yBK